|
|
|
|
| LEADER |
02614nam a2200481 a 4500 |
| 001 |
34949 |
| 003 |
BD-DhAAL |
| 005 |
20230525150811.0 |
| 008 |
190729t20061985nyu 000 1 eng |
| 010 |
|
|
|a 99166709
|
| 020 |
|
|
|a 9780007205004
|
| 020 |
|
|
|a 9780375700521
|
| 020 |
|
|
|a 0375400850
|
| 020 |
|
|
|a 9780375400858
|
| 020 |
|
|
|a 0375700528
|
| 035 |
|
|
|a (OCoLC)37849455
|
| 035 |
|
|
|a (OCoLC)40565440
|
| 040 |
|
|
|a DLC
|c DLC
|d BRL
|d PLF
|d OCL
|d OCLCQ
|d BAKER
|d BTCTA
|d YDXCP
|d MYG
|d BD-DhAAL
|
| 041 |
1 |
|
|a eng
|
| 043 |
|
|
|a ai-----
|
| 049 |
|
|
|a MYGG
|
| 050 |
0 |
4 |
|a PQ2607.U8245.A62613 1997
|
| 082 |
0 |
0 |
|a 843.912
|2 21
|
| 100 |
1 |
|
|a Duras, Marguerite.
|9 33223
|
| 245 |
1 |
4 |
|a The lover /
|c Marguerite Duras ; translated by Barbara Bray
|
| 260 |
|
|
|a London ;
|a New York :
|b Harper Perennial,
|c c2006
|
| 300 |
|
|
|a ix, 123 pages ;
|c 20 cm.
|
| 500 |
|
|
|a This translation originally published: 1985.
|
| 520 |
|
|
|a A sensational international bestseller, and winner of Frances' coveted Prix Goncourt, `The Lover' is an unforgettable portrayal of the incandescent relationship between two lovers, and of the hate that slowly tears the girl's family apart.
|
| 526 |
|
|
|a ENH
|
| 541 |
|
|
|a Karim International
|e 34949, 34950, 34951, 34952, 34953
|
| 650 |
|
0 |
|a Teenage girls
|z Indochina
|v Fiction.
|9 33224
|
| 650 |
|
0 |
|a Man-woman relationships
|z Indochina
|v Fiction.
|9 33225
|
| 651 |
|
0 |
|a Indochina
|v Fiction.
|9 33226
|
| 700 |
1 |
|
|a Bray, Barbara.
|9 33227
|
| 852 |
|
|
|a Ayesha Abed Library
|c General Stacks
|
| 942 |
|
|
|2 ddc
|c BK
|
| 999 |
|
|
|c 40860
|d 40860
|
| 952 |
|
|
|0 0
|1 0
|2 ddc
|4 0
|6 843_912000000000000_DUR
|7 0
|9 65804
|a BRACUL
|b BRACUL
|c GEN
|d 2019-07-22
|e Karim International
|g 680.00
|l 10
|m 23
|o 843.912 DUR
|p 3010034950
|q 2026-06-02
|r 2026-05-20
|s 2026-05-20
|t 2
|v 680.00
|w 2019-07-22
|y BK
|
| 952 |
|
|
|0 0
|1 0
|2 ddc
|4 0
|6 843_912000000000000_DUR
|7 0
|9 65805
|a BRACUL
|b BRACUL
|c GEN
|d 2019-07-22
|e Karim International
|g 680.00
|l 11
|m 61
|o 843.912 DUR
|p 3010034953
|r 2025-09-02
|s 2025-01-14
|t 5
|v 680.00
|w 2019-07-22
|y BK
|
| 952 |
|
|
|0 0
|1 0
|2 ddc
|4 0
|6 843_912000000000000_DUR
|7 0
|9 65806
|a BRACUL
|b BRACUL
|c GEN
|d 2019-07-22
|e Karim International
|g 680.00
|l 11
|m 52
|o 843.912 DUR
|p 3010034952
|r 2026-02-17
|s 2026-01-31
|t 4
|v 680.00
|w 2019-07-22
|y BK
|
| 952 |
|
|
|0 0
|1 0
|2 ddc
|4 0
|6 843_912000000000000_DUR
|7 0
|9 65807
|a BRACUL
|b BRACUL
|c GEN
|d 2019-07-22
|e Karim International
|g 680.00
|l 9
|m 37
|o 843.912 DUR
|p 3010034951
|r 2024-07-03
|s 2024-07-03
|t 3
|v 680.00
|w 2019-07-22
|y BK
|
| 952 |
|
|
|0 0
|1 0
|2 ddc
|4 0
|6 843_912000000000000_DUR
|7 0
|9 65808
|a BRACUL
|b BRACUL
|c GEN
|d 2019-07-22
|e Karim International
|g 680.00
|l 9
|m 60
|o 843.912 DUR
|p 3010034949
|q 2026-06-02
|r 2026-05-19
|s 2026-05-19
|t 1
|v 680.00
|w 2019-07-22
|y BK
|